Oxford textbook of psychotherapy / (Record no. 8518)

MARC details
000 -LEADER
fixed length control field 00714nam a22002292 4500
001 - CONTROL NUMBER
control field 0000013536
005 - DATE AND TIME OF LATEST TRANSACTION
control field 20151217152125.0
008 - FIXED-LENGTH DATA ELEMENTS--GENERAL INFORMATION
fixed length control field 090910s xx 000 0 eng d
020 ## - INTERNATIONAL STANDARD BOOK NUMBER
International Standard Book Number 0198520658 :
040 ## - CATALOGING SOURCE
Original cataloging agency KABU
Transcribing agency KABU
245 10 - TITLE STATEMENT
Title Oxford textbook of psychotherapy /
Statement of responsibility, etc. edited by Glen O. Gabbard, Judith S. Beck, and Jeremy Holmes.
250 ## - EDITION STATEMENT
Edition statement 1st ed.
260 ## - PUBLICATION, DISTRIBUTION, ETC. (IMPRINT)
Place of publication, distribution, etc. Oxford :
Name of publisher, distributor, etc. O. U. P.,
Date of publication, distribution, etc. 2005.
300 ## - PHYSICAL DESCRIPTION
Extent xi, 534 p.
650 #0 - SUBJECT ADDED ENTRY--TOPICAL TERM
Topical term or geographic name as entry element Psychotherapy.
-- 0000082185
700 1# - ADDED ENTRY--PERSONAL NAME
Personal name Gabbard, Glen O.
-- 0000170967
700 1# - ADDED ENTRY--PERSONAL NAME
Personal name Beck, Judith S.
-- 0000170968
700 1# - ADDED ENTRY--PERSONAL NAME
Personal name Holmes, Jeremy.
-- 0000170969
852 1# - LOCATION
-- p3112.50 KES
908 ## - PUT COMMAND PARAMETER (RLIN)
Put command parameter 090910
950 ## - LOCAL HOLDINGS (RLIN)
-- 1
Holdings
Withdrawn status Lost status Source of classification or shelving scheme Not for loan Home library Current library Date acquired Total Checkouts Full call number Barcode Date last seen Price effective from Koha item type
    Library of Congress Classification   Kabarak, Main Campus Kabarak, Main Campus 17/12/2015   RC480 .O94 2005 c. 1 18074 17/12/2015 17/12/2015 General Collection
Designed with assistance from East African Informatics Ltd